[Event "chess.com IoM Masters"]
[Site "Douglas ENG"]
[Date "2017.09.26"]
[Round "4.51"]
[White "Zumsande, Martin"]
[Black "Vignesh, B"]
[Result "1/2-1/2"]
[WhiteTitle "IM"]
[WhiteElo "2471"]
[BlackElo "2261"]
[WhiteFideId "4651324"]
[BlackFideId "5073600"]
[EventDate "2017.09.23"]

1. e4 e6 2. d4 d5 3. Nc3 Nf6 4. Bg5 dxe4 5. Nxe4 Be7 6. Bxf6 Bxf6 7. Nf3 O-O 8.
Qd2 Nd7 9. O-O-O Be7 10. Kb1 c5 11. g4 Qb6 12. Bg2 Rd8 13. Qe3 cxd4 14. Nxd4 Ne5
15. Qg3 Nc4 16. Nb3 Bd7 17. g5 Bc6 18. Qc3 Qb4 19. Qxb4 Bxb4 20. c3 Be7 21. h4
Nd6 22. Nbd2 Nf5 23. Kc2 Rac8 24. h5 Bxg5 25. Rhg1 Be7 26. Nb3 Nh4 27. Bh1 Nf5
28. Ned2 Bxh1 29. Rxh1 Nd4+ 30. Nxd4 Rxd4 31. Nb3 Rxd1 32. Rxd1 Rc7 33. a4 a6
34. f3 f6 35. Nd4 Kf7 36. Re1 e5 37. Nf5 g6 38. Ne3 Ke6 39. c4 Kf7 40. b3 Bc5
41. Nd5 Rc8 42. hxg6+ hxg6 43. Rh1 Kg7 44. b4 Bf8 45. Kd3 Rd8 46. Kc3 b5 47.
axb5 axb5 48. Nc7 Rc8 49. Nxb5 f5 50. Rd1 g5 51. Rd5 Kf6 52. c5 g4 53. fxg4 fxg4
54. Nd6 Ke6 55. Rd3 Rd8 56. Ne4 Rxd3+ 57. Kxd3 Kd5 58. Nf6+ Ke6 59. Ne4 Kd5 60.
Nc3+ Kc6 61. Kc4 g3 62. b5+ Kb7 63. c6+ Ka7 64. Ne2 g2 65. Kd5 Kb6 66. Ke6 Kc7
67. Kxe5 Bc5 68. Kd5 g1=Q 69. Nxg1 Bxg1 1/2-1/2

[Event "chess.com IoM Masters"]
[Site "Douglas ENG"]
[Date "2017.09.26"]
[Round "4.52"]
[White "Visakh, N R"]
[Black "Loew, Gerald"]
[Result "1-0"]
[WhiteTitle "IM"]
[BlackTitle "FM"]
[WhiteElo "2458"]
[BlackElo "2262"]
[WhiteFideId "25012223"]
[BlackFideId "4615875"]
[EventDate "2017.09.23"]

1. d4 d6 2. c4 Nf6 3. Nc3 e5 4. Nf3 Nbd7 5. e4 Be7 6. Be2 O-O 7. O-O c6 8. Re1
Qe8 9. Qc2 Bd8 10. h3 Qe7 11. Be3 Ba5 12. Nd2 exd4 13. Bxd4 Bb6 14. Bxb6 Nxb6
15. Rad1 Be6 16. Qd3 Rad8 17. Qg3 Rfe8 18. b3 Bc8 19. f4 a5 20. Kh2 Nbd7 21. Bf3
Nc5 22. Nf1 Be6 23. Qf2 h6 24. g4 Nh7 25. Ng3 g5 26. Bg2 Qf6 27. Nce2 gxf4 28.
Qxf4 a4 29. Qe3 Qg5 30. Nd4 Nf6 31. Qxg5+ hxg5 32. Nxe6 Rxe6 33. b4 Na6 34. a3
Rde8 35. Rf1 Nd7 36. Nf5 Ne5 37. Nxd6 R8e7 38. c5 Nc7 39. Rf5 Rg6 40. Bf1 Ne8
41. Nc8 Ree6 42. Nb6 Ng7 43. Rd8+ Kh7 44. Nd7 Nxg4+ 45. hxg4 Rh6+ 46. Kg1 Nxf5
47. Nf8+ 1-0

[Event "chess.com IoM Masters"]
[Site "Douglas ENG"]
[Date "2017.09.26"]
[Round "4.53"]
[White "Kiewra, Keaton F"]
[Black "Mueller, Philipp2"]
[Result "1-0"]
[WhiteTitle "IM"]
[WhiteElo "2433"]
[BlackElo "2220"]
[WhiteFideId "2019280"]
[BlackFideId "24683701"]
[EventDate "2017.09.23"]

1. d4 Nf6 2. Bf4 g6 3. Nf3 d6 4. e3 Nh5 5. Bg5 h6 6. Bh4 g5 7. Nfd2 Ng7 8. Bg3
Nf5 9. Bd3 Bg7 10. c3 Nxg3 11. hxg3 c5 12. dxc5 dxc5 13. Nc4 Nc6 14. a4 Be6 15.
Qe2 Qd7 16. Nbd2 O-O-O 17. Bc2 Kb8 18. a5 Ne5 19. Nxe5 Bxe5 20. a6 Bg4 21. Nf3
Bc7 22. O-O f5 23. b4 f4 24. exf4 gxf4 25. bxc5 fxg3 26. Rfb1 1-0

[Event "chess.com IoM Masters"]
[Site "Douglas ENG"]
[Date "2017.09.26"]
[Round "4.54"]
[White "Raja, Harshit"]
[Black "Lorscheid, Gerhard"]
[Result "1-0"]
[BlackTitle "FM"]
[WhiteElo "2423"]
[BlackElo "2192"]
[WhiteFideId "5089000"]
[BlackFideId "4606000"]
[EventDate "2017.09.23"]

1. e4 d6 2. d4 Nf6 3. Nc3 e5 4. Nf3 Nbd7 5. Bc4 Be7 6. a4 O-O 7. O-O c6 8. Re1
b6 9. Bg5 a6 10. d5 c5 11. Nd2 h6 12. Be3 Qe8 13. Bf1 Bd8 14. Nc4 Qe7 15. Ra3
Rb8 16. Rb3 Ne8 17. Bc1 Rb7 18. Qg4 Qh4 19. Qxh4 Bxh4 20. g3 Bd8 21. Bh3 Bc7 22.
f4 Rb8 23. Kg2 Nef6 24. Rd1 Re8 25. Kf3 h5 26. Bf1 Ng4 27. Kg2 g6 28. h3 Ngf6
29. Bd3 Kg7 30. Rf1 Nh7 31. Ne3 Bd8 32. Bd2 Bc7 33. f5 Ndf6 34. Ra3 g5 35. Rb1
Kf8 36. Rb3 Ke7 37. Be2 Rg8 38. Rh1 Nf8 39. Ra3 N8d7 40. Nf1 Bb7 41. Ne3 Bc8 42.
Raa1 Bd8 43. Bc1 Bc7 44. Bd2 Bd8 45. Be1 Bc7 46. Bf2 Rh8 47. Bd3 Rg8 48. Ra2 Rh8
49. Kf1 Rg8 50. Ke2 Rh8 51. Raa1 Rg8 52. Nf1 Rh8 53. Nd2 Rg8 54. Kf3 Rh8 55. Be3
Nh7 56. Rab1 f6 57. Kf2 Nhf8 58. Be2 Rh7 59. Nf3 Rg7 60. h4 g4 61. Ng5 1-0

[Event "chess.com IoM Masters"]
[Site "Douglas ENG"]
[Date "2017.09.26"]
[Round "4.55"]
[White "Zwahr, Paul"]
[Black "Rakesh, Kumar Jena"]
[Result "0-1"]
[WhiteTitle "FM"]
[BlackTitle "FM"]
[WhiteElo "2306"]
[BlackElo "2418"]
[WhiteFideId "24609749"]
[BlackFideId "5084822"]
[EventDate "2017.09.23"]

1. e4 d6 2. d4 Nf6 3. Nc3 g6 4. f4 Bg7 5. Nf3 O-O 6. Bd3 a6 7. O-O b5 8. e5 Nfd7
9. Ne4 d5 10. Nf2 c5 11. f5 c4 12. fxg6 cxd3 13. gxf7+ Rxf7 14. Ng5 Rf5 15. Qxd3
Nf8 16. g4 Rxg5 17. Bxg5 Nc6 18. c3 Be6 19. Qg3 Bf7 20. h4 Ne6 21. Bd2 b4 22. h5
bxc3 23. bxc3 Na5 24. Rae1 Nc4 25. Bc1 Qd7 26. Nd3 h6 27. Re2 Rf8 28. Ref2 Qe8
29. Qh4 a5 30. Rg2 Kh7 31. g5 hxg5 32. Bxg5 Nxg5 33. Qxg5 Bh6 34. Qf5+ Kh8 35.
Qh3 Ne3 36. e6 Bxe6 37. Rxf8+ Qxf8 38. Ne5 Qf1+ 39. Kh2 Bf4+ 0-1

[Event "chess.com IoM Masters"]
[Site "Douglas ENG"]
[Date "2017.09.26"]
[Round "4.56"]
[White "Degtiarev, Evgeny"]
[Black "Seyfried, Claus"]
[Result "1-0"]
[WhiteTitle "IM"]
[WhiteElo "2412"]
[BlackElo "2173"]
[WhiteFideId "4149610"]
[BlackFideId "1271085"]
[EventDate "2017.09.23"]

1. d4 d5 2. c4 e6 3. Nf3 c6 4. e3 Bd6 5. Bd3 f5 6. O-O Nf6 7. b3 Qe7 8. Bb2 O-O
9. Qc1 b6 10. Ba3 Ne4 11. Bxd6 Qxd6 12. Nc3 Nd7 13. Ne2 Bb7 14. Qb2 a5 15. Rfd1
Qe7 16. a3 Ra7 17. b4 Rfa8 18. c5 bxc5 19. bxc5 Ba6 20. Bxa6 Rxa6 21. Rab1 R6a7
22. Nf4 e5 23. Nd3 exd4 24. exd4 Qe8 25. Qc2 Rb8 26. Nfe5 Nxe5 27. Nxe5 Rab7 28.
Rxb7 Rxb7 29. f3 Ng5 30. Qxf5 Nf7 31. Re1 Re7 32. f4 g6 33. Qh3 g5 34. Qg3 h6
35. fxg5 hxg5 36. h4 Nxe5 37. Rxe5 Rxe5 38. dxe5 d4 39. Qxg5+ Kh8 40. Qh6+ Kg8
41. Qd6 d3 42. Qxd3 Qxe5 43. Qg6+ Kf8 44. Qd6+ 1-0

[Event "chess.com IoM Masters"]
[Site "Douglas ENG"]
[Date "2017.09.27"]
[Round "5.2"]
[White "Eljanov, Pavel"]
[Black "Kasimdzhanov, Rustam"]
[Result "1-0"]
[WhiteTitle "GM"]
[BlackTitle "GM"]
[WhiteElo "2734"]
[BlackElo "2676"]
[WhiteFideId "14102951"]
[BlackFideId "14200244"]
[EventDate "2017.09.23"]

1. e4 Nf6 2. e5 Nd5 3. d4 d6 4. Nf3 dxe5 5. Nxe5 c6 6. Be2 Nd7 7. c4 Nc7 8. Nf3
g6 9. Nc3 Bg7 10. O-O O-O 11. Bf4 Nf6 12. h3 Bf5 13. Be5 Ne4 14. Bxg7 Kxg7 15.
Re1 Nf6 16. Qd2 Qd6 17. Rad1 Rad8 18. Qe3 Rfe8 19. Ne5 Qb4 20. a3 Qxb2 21. Na4
Qc2 22. Nc5 Qb2 23. Rd2 Qb6 24. Qc3 Ne4 25. Nxe4 Bxe4 26. d5 f6 27. c5 Nb5 28.
Bxb5 Qxb5 29. a4 Qa6 30. d6 Bf5 31. g4 exd6 32. Rxd6 Rxd6 33. cxd6 Rxe5 1-0

[Event "chess.com IoM Masters"]
[Site "Douglas ENG"]
[Date "2017.09.27"]
[Round "5.10"]
[White "Sokolov, Ivan"]
[Black "Rodshtein, Maxim"]
[Result "1-0"]
[WhiteTitle "GM"]
[BlackTitle "GM"]
[WhiteElo "2603"]
[BlackElo "2695"]
[WhiteFideId "14400030"]
[BlackFideId "2806851"]
[EventDate "2017.09.23"]

1. d4 Nf6 2. c4 e6 3. Nf3 b6 4. g3 Ba6 5. b3 Bb4+ 6. Bd2 Be7 7. Bg2 O-O 8. O-O
d5 9. cxd5 exd5 10. Nc3 Re8 11. Rc1 Bb7 12. Bf4 Na6 13. Ne5 c6 14. h4 Ba3 15.
Rc2 Bd6 16. e3 Rc8 17. Rd2 Nc7 18. g4 Bb4 19. Rc2 Ne6 20. Bg3 Nd7 21. Nd3 Bf8
22. f4 Ba6 23. Re1 Bd6 24. Nf2 Qe7 25. Rc1 Ba3 26. f5 Nef8 27. Rc2 Bd6 28. Qf3
h6 29. e4 Bxg3 30. Qxg3 Qb4 31. Rd1 dxe4 32. Ncxe4 c5 33. Rcd2 c4 34. g5 hxg5
35. hxg5 Nh7 36. Nd6 c3 37. g6 Ng5 38. gxf7+ Nxf7 39. Bd5 cxd2 40. Bxf7+ Kf8 41.
Bxe8 Rc1 42. Bxd7 Qxd4 43. Kh2 Rxd1 44. Nxd1 Be2 45. Ne3 d1=Q 46. Nxd1 Bxd1 47.
Bc6 Bc2 48. Bg2 a6 49. Ne4 Bxe4 50. Qb8+ Kf7 51. Qf4 Qb2 52. Qxe4 Qxa2 53. Qe6+
Kf8 54. Qxb6 Qe2 55. Qd6+ Kf7 56. Qe6+ 1-0

[Event "chess.com IoM Masters"]
[Site "Douglas ENG"]
[Date "2017.09.27"]
[Round "5.11"]
[White "Sutovsky, Emil"]
[Black "Huschenbeth, Niclas"]
[Result "1-0"]
[WhiteTitle "GM"]
[BlackTitle "GM"]
[WhiteElo "2683"]
[BlackElo "2596"]
[WhiteFideId "2802007"]
[BlackFideId "24604747"]
[EventDate "2017.09.23"]

1. e4 c5 2. Nf3 d6 3. d4 cxd4 4. Nxd4 Nf6 5. Nc3 a6 6. Bg5 e6 7. f4 Be7 8. Qf3
Qc7 9. O-O-O Nbd7 10. g4 b5 11. Bxf6 Nxf6 12. g5 Nd7 13. f5 O-O 14. h4 b4 15.
Nce2 Bb7 16. Kb1 Rac8 17. Bh3 e5 18. f6 exd4 19. fxe7 Rfe8 20. Nxd4 Rxe7 21. Nf5
Rxe4 22. Nxd6 Rd4 23. Qxf7+ Kh8 24. Nxc8 1-0

[Event "chess.com IoM Masters"]
[Site "Douglas ENG"]
[Date "2017.09.27"]
[Round "5.14"]
[White "Movsesian, Sergei"]
[Black "Deac, Bogdan-Daniel"]
[Result "1/2-1/2"]
[WhiteTitle "GM"]
[BlackTitle "GM"]
[WhiteElo "2671"]
[BlackElo "2559"]
[WhiteFideId "310204"]
[BlackFideId "1226380"]
[EventDate "2017.09.23"]

1. e4 e5 2. Nf3 Nc6 3. Bb5 a6 4. Ba4 Nf6 5. O-O Be7 6. d3 b5 7. Bb3 d6 8. a4 Bd7
9. c3 O-O 10. Nbd2 Na5 11. Ba2 c5 12. Re1 Qc7 13. Nf1 Rfb8 14. axb5 axb5 15. b4
Nc6 16. Bd2 cxb4 17. cxb4 Qb7 18. Ne3 Nd8 19. h3 Be6 20. Bxe6 Nxe6 21. Qb3 Rxa1
22. Rxa1 Ra8 23. Rc1 Rc8 24. Rxc8+ Qxc8 25. Nd5 Nxd5 26. Qxd5 Qa6 27. Kh2 Nc7
28. Qb3 Ne6 29. Be3 Bf6 30. h4 h6 31. g3 Qc6 32. Bd2 1/2-1/2

[Event "chess.com IoM Masters"]
[Site "Douglas ENG"]
[Date "2017.09.27"]
[Round "5.15"]
[White "Adhiban, Baskaran"]
[Black "Harsha, Bharathakoti"]
[Result "0-1"]
[WhiteTitle "GM"]
[BlackTitle "IM"]
[WhiteElo "2670"]
[BlackElo "2394"]
[WhiteFideId "5018471"]
[BlackFideId "5078776"]
[EventDate "2017.09.23"]

1. e4 c5 2. Nf3 d6 3. d4 cxd4 4. Nxd4 Nf6 5. Nc3 a6 6. Be2 e5 7. Nf3 Be7 8. Bg5
Nbd7 9. a4 O-O 10. O-O b6 11. Bc4 Bb7 12. Bxf6 Nxf6 13. Qe2 Qc7 14. Rfd1 Rfc8
15. Bb3 h6 16. Nh4 Bf8 17. Nf5 Qd7 18. Qf3 Kh7 19. Ne3 Rxc3 20. bxc3 Bxe4 21.
Qe2 Qb7 22. Nd5 Bxd5 23. Bxd5 Nxd5 24. Qe4+ g6 25. Rxd5 f5 26. Qd3 e4 27. Qd1
Rc8 28. h4 h5 29. Ra3 Rc4 30. Rd4 Rc6 31. Rb3 Qc7 32. Qe2 Bg7 33. Qxa6 Bxd4 34.
cxd4 d5 35. g3 f4 36. gxf4 Rxc2 37. Rb1 Qxf4 38. Qf1 e3 39. Qg2 exf2+ 40. Kf1
Qe3 0-1

[Event "chess.com IoM Masters"]
[Site "Douglas ENG"]
[Date "2017.09.27"]
[Round "5.16"]
[White "Jones, Gawain C B"]
[Black "Swapnil, S. Dhopade"]
[Result "1/2-1/2"]
[WhiteTitle "GM"]
[BlackTitle "GM"]
[WhiteElo "2668"]
[BlackElo "2532"]
[WhiteFideId "409561"]
[BlackFideId "5019184"]
[EventDate "2017.09.23"]

1. e4 c6 2. d4 d5 3. Nc3 dxe4 4. Nxe4 Bf5 5. Ng3 Bg6 6. h4 h6 7. Nf3 Nd7 8. h5
Bh7 9. Bd3 Bxd3 10. Qxd3 e6 11. Bd2 Ngf6 12. O-O-O Be7 13. Kb1 O-O 14. Ne4 Nxe4
15. Qxe4 Nf6 16. Qe2 Qd5 17. Be3 Qb5 18. Rd3 Ng4 19. Bf4 Rad8 20. Nd2 Qf5 21.
Rf3 Rxd4 22. Be3 Qe5 23. Nc4 Qe4 24. Nd2 Qe5 25. Nc4 Qe4 26. Nd2 Qe5 1/2-1/2

[Event "chess.com IoM Masters"]
[Site "Douglas ENG"]
[Date "2017.09.27"]
[Round "5.17"]
[White "Batsiashvili, Nino"]
[Black "Riazantsev, Alexander"]
[Result "1/2-1/2"]
[WhiteTitle "IM"]
[BlackTitle "GM"]
[WhiteElo "2472"]
[BlackElo "2666"]
[WhiteFideId "13602993"]
[BlackFideId "4125029"]
[EventDate "2017.09.23"]

1. d4 Nf6 2. c4 e6 3. Nc3 Bb4 4. Nf3 O-O 5. Bg5 c5 6. e3 cxd4 7. exd4 d5 8. Bd3
dxc4 9. Bxc4 a6 10. a4 Nc6 11. O-O h6 12. Bh4 Be7 13. Re1 Bd7 14. Qd2 Rc8 15.
Rad1 Nh5 16. Bxe7 Nxe7 17. d5 Bxa4 18. Nxa4 Rxc4 19. b3 Rc8 20. dxe6 Qxd2 21.
exf7+ Rxf7 22. Rxd2 Ng6 23. Nb6 Rc3 24. Nd4 Nf6 25. g3 Re7 26. Red1 Re8 27. Kg2
Nf8 28. b4 Ne6 29. h4 Nxd4 30. Rxd4 Rc2 31. Rf4 Re4 32. Rd8+ Kh7 33. Nd5 Rxf4
34. Nxf4 Rc4 35. b5 axb5 36. Rb8 Rc7 37. Ne6 Rf7 38. Nf8+ Kg8 39. Ng6+ Kh7 40.
Nf8+ 1/2-1/2

[Event "chess.com IoM Masters"]
[Site "Douglas ENG"]
[Date "2017.09.27"]
[Round "5.18"]
[White "Perelshteyn, Eugene"]
[Black "Vallejo Pons, Francisco"]
[Result "0-1"]
[WhiteTitle "GM"]
[BlackTitle "GM"]
[WhiteElo "2524"]
[BlackElo "2716"]
[WhiteFideId "2012529"]
[BlackFideId "2205530"]
[EventDate "2017.09.23"]

1. g3 d5 2. Nf3 Bg4 3. Bg2 Nd7 4. O-O e6 5. h3 Bh5 6. d4 c6 7. c4 Be7 8. cxd5
exd5 9. Nc3 Bg6 10. Ne5 Nxe5 11. dxe5 f6 12. e4 dxe4 13. Qb3 Qb6 14. Qe6 f5 15.
Be3 Qc7 16. Rac1 Qc8 17. Qxc8+ Rxc8 18. Bxa7 Ra8 19. Be3 Nh6 20. Rcd1 Nf7 21. e6
Ne5 22. Bd4 Bf6 23. g4 fxg4 24. hxg4 Nxg4 25. Nxe4 Bxe4 26. Bxe4 Ra4 27. Bxf6
Nxf6 28. Bc2 Rg4+ 29. Kh2 Ke7 30. Bb3 c5 31. Rc1 Rc8 32. Bc4 Rd8 33. b3 Rdd4 34.
Rc3 Ne4 35. Rh3 h6 36. a4 Nd2 37. Re1 Rdf4 38. Kh1 Rh4 39. Rxh4 Rxh4+ 40. Kg2
Nxc4 41. bxc4 Rxc4 42. a5 Ra4 43. Rb1 Rb4 44. Re1 Rb5 0-1

[Event "chess.com IoM Masters"]
[Site "Douglas ENG"]
[Date "2017.09.27"]
[Round "5.20"]
[White "Brown, Michael William"]
[Black "Bok, Benjamin"]
[Result "1-0"]
[WhiteTitle "IM"]
[BlackTitle "GM"]
[WhiteElo "2499"]
[BlackElo "2620"]
[WhiteFideId "2037602"]
[BlackFideId "1017063"]
[EventDate "2017.09.23"]

1. d4 Nf6 2. c4 e6 3. Nc3 Bb4 4. e3 b6 5. Ne2 c5 6. a3 Ba5 7. Rb1 Na6 8. g3 Bb7
9. d5 b5 10. Bg2 bxc4 11. O-O O-O 12. e4 d6 13. Qa4 exd5 14. exd5 Bb6 15. Qxc4
Nc7 16. Re1 Re8 17. Be3 Qd7 18. h3 Re5 19. Red1 Ba6 20. Qa2 Qe7 21. Kh2 Re8 22.
Ng1 Nh5 23. Nf3 Rxe3 24. fxe3 Qxe3 25. Re1 Qh6 26. b3 Qg6 27. g4 Nf4 28. Qd2
Nxg2 29. Kxg2 Rb8 30. Nh4 Qd3 31. Red1 Qxd2+ 32. Rxd2 g6 33. b4 cxb4 34. axb4
Re8 35. Nf3 Re3 36. Na4 Bd3 37. Rc1 Be4 38. Nxb6 axb6 1-0

[Event "chess.com IoM Masters"]
[Site "Douglas ENG"]
[Date "2017.09.27"]
[Round "5.21"]
[White "Salomon, Johan"]
[Black "Bindrich, Falko"]
[Result "1/2-1/2"]
[WhiteTitle "GM"]
[BlackTitle "GM"]
[WhiteElo "2476"]
[BlackElo "2598"]
[WhiteFideId "1509500"]
[BlackFideId "4676670"]
[EventDate "2017.09.23"]

1. Nf3 d5 2. g3 Bg4 3. Bg2 e6 4. O-O Nf6 5. c4 c6 6. b3 Nbd7 7. Bb2 Bd6 8. d3
O-O 9. h3 Bh5 10. Nbd2 Qe7 11. a3 e5 12. Nh4 Qe6 13. Ndf3 h6 14. e4 dxe4 15.
dxe4 Nxe4 16. g4 Bg6 17. Nxg6 fxg6 18. Qc2 Ng5 19. Nxg5 hxg5 20. b4 Bc7 21. c5
Rad8 22. Rae1 a5 23. Bc1 axb4 24. axb4 Qf6 25. Qc4+ Kh7 26. h4 Qf7 27. Qc3 Nf6
28. hxg5 Nd5 29. Qh3+ Kg8 30. Be4 Qe6 31. Re2 Nc3 32. Re3 Nxe4 33. Rxe4 Rd4 34.
Rfe1 Qc4 35. Rxd4 exd4 36. Bd2 d3 37. Qg2 Qa2 38. f3 Qd5 39. Re4 Be5 40. f4 Bd4+
41. Kh2 Rd8 42. Kg3 b6 43. cxb6 Bxb6 44. Re1 Qa2 45. Qe4 Qxd2 46. Qe6+ Kf8 47.
Qe7+ 1/2-1/2

[Event "chess.com IoM Masters"]
[Site "Douglas ENG"]
[Date "2017.09.27"]
[Round "5.22"]
[White "Basso, Pier Luigi"]
[Black "Svane, Rasmus"]
[Result "0-1"]
[WhiteTitle "IM"]
[BlackTitle "GM"]
[WhiteElo "2460"]
[BlackElo "2595"]
[WhiteFideId "866970"]
[BlackFideId "4657101"]
[EventDate "2017.09.23"]

1. d4 d5 2. c4 c6 3. Nc3 Nf6 4. e3 e6 5. Nf3 Nbd7 6. Bd3 dxc4 7. Bxc4 b5 8. Bd3
Bd6 9. O-O O-O 10. e4 e5 11. Bg5 Bb7 12. dxe5 Nxe5 13. Nxe5 Bxe5 14. f4 Bxc3 15.
bxc3 c5 16. Bxb5 Qxd1 17. Rfxd1 Nxe4 18. Rd7 Bc8 19. Rc7 Bf5 20. g4 Bxg4 21. Ba6
Rfe8 22. Be7 Nxc3 23. Bxc5 h5 24. Rxa7 Rad8 25. Bc4 Be6 26. Bf1 Bd5 27. Be7 Rc8
28. a4 Bc4 29. Rc1 Bxf1 30. Kxf1 Rc4 31. a5 Rxf4+ 32. Kg2 Nd5 33. Bc5 Re2+ 34.
Kh1 Nf6 35. Ra8+ Kh7 36. a6 Rh4 37. Bg1 Ne4 0-1

[Event "chess.com IoM Masters"]
[Site "Douglas ENG"]
[Date "2017.09.27"]
[Round "5.23"]
[White "Ju, Wenjun"]
[Black "Arjun, Kalyan"]
[Result "1/2-1/2"]
[WhiteTitle "GM"]
[WhiteElo "2574"]
[BlackElo "2406"]
[WhiteFideId "8603006"]
[BlackFideId "35018701"]
[EventDate "2017.09.23"]

1. d4 d5 2. c4 c6 3. cxd5 cxd5 4. Bf4 Nc6 5. Nc3 Nf6 6. e3 a6 7. Bd3 Bg4 8. Nge2
e6 9. O-O Be7 10. Rc1 O-O 11. Na4 Bh5 12. a3 Bg6 13. Nc5 Bxc5 14. dxc5 Qd7 15.
Nc3 d4 16. Bxg6 dxc3 17. Bc2 cxb2 18. Rb1 Qxd1 19. Rfxd1 Nd5 20. Rxb2 Nxf4 21.
exf4 Na5 22. Be4 Rac8 23. Bxb7 Nxb7 24. Rxb7 Rxc5 25. Ra7 Ra5 26. Rd3 g6 27. g3
Rc8 28. Kg2 h5 29. h3 Ra4 30. Rb3 Rc5 31. Rb8+ Kg7 32. Rb6 Rxa3 33. Rxe6 a5 34.
Ree7 Rf5 35. Re4 Rb5 36. Rd4 Rc3 37. Rdd7 Rf5 1/2-1/2

[Event "chess.com IoM Masters"]
[Site "Douglas ENG"]
[Date "2017.09.27"]
[Round "5.24"]
[White "Aravindh, Chithambaram VR."]
[Black "Roberson, Peter T"]
[Result "1-0"]
[WhiteTitle "GM"]
[BlackTitle "IM"]
[WhiteElo "2573"]
[BlackElo "2403"]
[WhiteFideId "5072786"]
[BlackFideId "412384"]
[EventDate "2017.09.23"]

1. e4 e6 2. d4 d5 3. Nc3 Nf6 4. e5 Nfd7 5. f4 c5 6. Nf3 Nc6 7. Be3 Be7 8. Qd2
O-O 9. dxc5 Nxc5 10. O-O-O a6 11. Kb1 b5 12. Bxc5 Bxc5 13. Bd3 f6 14. exf6 Qxf6
15. Ne2 Bb7 16. Ng5 g6 17. h4 h6 18. g4 hxg5 19. hxg5 Qg7 20. f5 gxf5 21. gxf5
exf5 22. Nf4 Rae8 23. Nh5 Qg6 24. Nf6+ Rxf6 25. gxf6 Be3 26. Qh2 Ne5 27. Bxf5
Qxf6 28. Rdf1 d4 29. Be6+ Rxe6 30. Qh7+ Kf8 31. Rxf6+ Rxf6 32. Qxb7 Nf7 33. a3
Kg7 34. Qe7 Rf4 35. Qe6 Rf6 36. Rh7+ Kg6 37. Qe4+ Kg5 38. Rg7+ Kh5 39. Qh1# 1-0

[Event "chess.com IoM Masters"]
[Site "Douglas ENG"]
[Date "2017.09.27"]
[Round "5.26"]
[White "Wagner, Dennis"]
[Black "Krishna, C R G"]
[Result "1-0"]
[WhiteTitle "GM"]
[BlackTitle "IM"]
[WhiteElo "2564"]
[BlackElo "2367"]
[WhiteFideId "24650684"]
[BlackFideId "5018625"]
[EventDate "2017.09.23"]

1. d4 d5 2. c4 c6 3. Nf3 Nf6 4. e3 Bf5 5. Nc3 a6 6. Bd2 g6 7. Qb3 Ra7 8. a4 Bg7
9. Be2 O-O 10. O-O Ne4 11. Rfd1 dxc4 12. Bxc4 Nd6 13. Be2 Nd7 14. a5 Ra8 15. Na4
Rc8 16. Bb4 Rc7 17. Rac1 Nf6 18. Nb6 Nc8 19. Na8 Rd7 20. Ne5 Rd5 21. Bc4 Nd6 22.
Bxd5 Nxd5 23. Nb6 Nxb6 24. axb6 Qxb6 25. Nc4 Nxc4 26. Qxc4 Re8 27. Qc5 Qc7 28.
Bc3 Bg4 29. f3 Bd7 30. d5 Bh6 31. Qd4 f6 32. Be1 e5 33. dxe6 Bxe6 34. Bg3 Qf7
35. Bf4 Bg7 36. Qb6 f5 37. Rd8 Rxd8 38. Qxd8+ Qf8 39. Qxf8+ Kxf8 40. Bd6+ Kf7
41. b4 Bd5 42. Bc5 Ke6 43. Kf2 Be5 44. h3 Bc7 45. Ra1 Be5 46. Rb1 Ba2 47. Rd1
Bd5 48. Ke2 Bc4+ 49. Kd2 Bc7 50. Ra1 Kd5 51. Kc2 Bb5 52. Rd1+ Ke6 53. Rd2 Bc4
54. e4 fxe4 55. fxe4 b6 56. Bd4 a5 57. bxa5 bxa5 58. Kc3 Bb5 59. Rf2 Bd6 60.
Rf6+ Ke7 61. e5 Bb4+ 62. Kb3 c5 63. Bc3 a4+ 64. Kc2 Bc4 65. Rb6 Bxc3 66. Kxc3
Bf1 67. h4 a3 68. Kb3 Bxg2 69. Kxa3 Bd5 70. Ka4 Bc4 71. Rc6 Bd5 72. Rd6 Bc4 73.
Ka5 Be6 74. Kb5 c4 75. Kb4 h6 76. Ra6 g5 77. Ra7+ Bd7 78. hxg5 hxg5 79. Kxc4 Ke6
80. Kd4 g4 81. Ke4 g3 82. Ra6+ Ke7 83. Kf3 1-0

[Event "chess.com IoM Masters"]
[Site "Douglas ENG"]
[Date "2017.09.27"]
[Round "5.27"]
[White "Donchenko, Alexander"]
[Black "Ledger, Andrew J"]
[Result "1-0"]
[WhiteTitle "GM"]
[BlackTitle "IM"]
[WhiteElo "2559"]
[BlackElo "2361"]
[WhiteFideId "24603295"]
[BlackFideId "400610"]
[EventDate "2017.09.23"]

1. e4 e5 2. Nf3 Nc6 3. Bb5 a6 4. Ba4 Nf6 5. O-O Be7 6. Re1 b5 7. Bb3 d6 8. c3
O-O 9. h3 Nb8 10. d4 Nbd7 11. Nbd2 Bb7 12. Bc2 Re8 13. Nf1 Bf8 14. Ng3 g6 15. a4
c6 16. b3 Bg7 17. Bb2 Qc7 18. c4 bxc4 19. bxc4 exd4 20. Bxd4 c5 21. Bb2 Nxe4 22.
Bxe4 Bxe4 23. Nxe4 Bxb2 24. Rb1 Rab8 25. Qd2 Qc6 26. Nxd6 Rxe1+ 27. Rxe1 Bc3 28.
Qxc3 Qxd6 29. g3 Nf8 30. Ng5 Qd4 31. Qf3 Qxc4 32. Re7 Rb3 33. Qxf7+ Qxf7 34.
Nxf7 Ra3 35. Nh6+ Kh8 36. h4 Rxa4 37. g4 Rd4 38. Rf7 Nd7 39. g5 c4 40. Re7 Nf8
41. Rf7 Nd7 42. Kg2 c3 43. Kg3 c2 44. Re7 Nf8 45. Rc7 Rd2 46. Kf3 Rd4 47. Rxc2
Rxh4 48. Rc8 Kg7 49. Rc7+ Kh8 50. Rc8 Kg7 51. Rc7+ Kh8 52. Ra7 Ra4 53. Ke3 Ra1
54. Ke4 Ra4+ 55. Ke5 Ra5+ 56. Kd6 Rb5 57. Ra8 Kg7 58. Ra7+ Kh8 59. Ke7 Rb8 60.
Kf7 a5 61. f4 a4 62. Ng4 a3 63. Nf6 h5 64. f5 a2 65. fxg6 1-0